[Event "LSS SA-2022-0-00793"]
[Site "LSS email"]
[Date "2022.03.06"]
[Round "?"]
[White "Oliger, Mark"]
[Black "Vaassen, Jack M"]
[Result "1/2-1/2"]
[WhiteElo "2036"]
[BlackElo "2065"]
[PlyCount "67"]
[EventDate "2022.02.08"]
[EventType "tourn (corr)"]
[EventRounds "6"]
[EventCountry "GER"]
[SourceTitle "Corr 2024"]
[Source "ChessBase"]
[SourceDate "2023.10.19"]
[SourceVersion "1"]
[SourceVersionDate "2023.10.19"]
[SourceQuality "1"]

1. e4 c6 2. d4 d5 3. e5 c5 4. dxc5 e6 5. a3 Bxc5 6. Nf3 f6 7. b4 Be7 8. Bb2 a5 9. b5 Nd7 10. c4 Nxe5 11. Nxe5 fxe5 12. Bxe5 Nf6 13. Be2 0-0 14. 0-0 Nd7 15. Bg3 Nc5 16. Nc3 d4 17. Na4 d3 18. Bf3 Rxf3 19. gxf3 b6 20. Nxc5 Bxc5 21. Ra2 e5 22. Rd2 Bf5 23. Re1 Qf6 24. Rxe5 Rd8 25. Rd5 Rxd5 26. cxd5 h5 27. h4 Qg6 28. Kg2 Bxa3 29. Qb3 Bb4 30. Rd1 d2 31. d6+ Be6 32. Qe3 Qf5 33. Qe4 Qf7 34. Qa8+ 1/2-1/2

[Event "RA-2022-0-00703"]
[Site "LSS email"]
[Date "2022.01.15"]
[Round "?"]
[White "Morcin, Tom"]
[Black "Vaassen, Jack M"]
[Result "0-1"]
[WhiteElo "2034"]
[BlackElo "2066"]
[PlyCount "124"]
[EventDate "2022.01.02"]
[EventType "tourn (corr)"]
[EventRounds "6"]
[EventCountry "GER"]
[SourceTitle "Corr 2024"]
[Source "ChessBase"]
[SourceDate "2023.10.19"]
[SourceVersion "1"]
[SourceVersionDate "2023.10.19"]
[SourceQuality "1"]

1. e4 c6 2. d4 d5 3. Nc3 dxe4 4. Nxe4 Nf6 5. Nxf6+ exf6 6. c3 Bd6 7. Bd3 0-0 8. Ne2 Re8 9. 0-0 Nd7 10. Bf4 Nf8 11. Bxd6 Qxd6 12. Ng3 g6 13. Ne4 Qd8 14. Re1 Kg7 15. Qd2 Bf5 16. Re2 Qd5 17. f3 h5 18. Bc2 a5 19. Bb3 Qd8 20. Ba4 Qc7 21. Rae1 Re7 22. Kh1 Rd8 23. Bc2 h4 24. Bb3 b6 25. g3 h3 26. a4 Bxe4 27. Rxe4 Rxe4 28. Rxe4 Nh7 29. Bc4 Ng5 30. Re3 Qd7 31. f4 Ne6 32. Qd1 Nc7 33. Bf1 b5 34. Kg1 b4 35. Rf3 bxc3 36. bxc3 Rh8 37. Rd3 Rb8 38. Qf3 Rb1 39. Rd1 Rxd1 40. Qxd1 Qe7 41. Qc1 Qe6 42. c4 Qe4 43. Qd2 Ne6 44. Qd3 Qe1 45. f5 Nf8 46. fxg6 Nxg6 47. c5 Qa1 48. Qc4 Ne7 49. Kf2 Nd5 50. Bxh3 Qb2+ 51. Kf3 Qa3+ 52. Kf2 Qe3+ 53. Kg2 Qd2+ 54. Kf3 Qh6 55. Bf1 Qh5+ 56. Kf2 Qxh2+ 57. Kf3 Qh5+ 58. Kf2 Qf5+ 59. Kg1 Qf3 60. Qe2 Qxg3+ 61. Qg2 Qg5 62. Kf2 Kf8 0-1

[Event "RA-2021-0-00700"]
[Site "LSS email"]
[Date "2021.12.28"]
[Round "?"]
[White "Vaassen, Jack M"]
[Black "Chronopoulos, Antonios"]
[Result "1/2-1/2"]
[WhiteElo "2052"]
[BlackElo "2059"]
[PlyCount "34"]
[EventDate "2021.12.16"]
[EventType "tourn (corr)"]
[EventRounds "6"]
[EventCountry "GER"]
[SourceTitle "Corr 2024"]
[Source "ChessBase"]
[SourceDate "2023.10.19"]
[SourceVersion "1"]
[SourceVersionDate "2023.10.19"]
[SourceQuality "1"]

1. Nf3 d5 2. e3 Nf6 3. c4 e6 4. Nc3 b6 5. b3 Bb7 6. Bb2 Nbd7 7. cxd5 exd5 8. Rc1 a6 9. Ne2 c5 10. g3 Bd6 11. Bg2 0-0 12. 0-0 b5 13. a4 Re8 14. axb5 axb5 15. b4 cxb4 16. d3 Bf8 17. Rb1 d4 1/2-1/2

[Event "RA-2021-0-00697"]
[Site "LSS email"]
[Date "2021.12.14"]
[Round "?"]
[White "Vaassen, Jack M"]
[Black "Martin, Simone"]
[Result "1/2-1/2"]
[WhiteElo "2060"]
[BlackElo "2063"]
[PlyCount "37"]
[EventDate "2021.11.15"]
[EventType "tourn (corr)"]
[EventRounds "6"]
[EventCountry "GER"]
[SourceTitle "Corr 2024"]
[Source "ChessBase"]
[SourceDate "2023.10.19"]
[SourceVersion "1"]
[SourceVersionDate "2023.10.19"]
[SourceQuality "1"]

1. e4 c6 2. d4 d5 3. Nc3 dxe4 4. Nxe4 Bf5 5. Ng3 Bg6 6. N1e2 e6 7. Nf4 Qc7 8. h4 Bd6 9. Nxg6 hxg6 10. Ne4 Nf6 11. Nxd6+ Qxd6 12. g3 c5 13. dxc5 Qc6 14. Rg1 Qxc5 15. c3 Nc6 16. Be3 Qa5 17. Qb3 0-0-0 18. Qb5 Ne5 19. Qxa5 1/2-1/2